000 00224nam a22000857a 4500
008 160704b xxu||||| |||| 00| 0 eng d
100 _92074
_a Anand, U
245 _aLet's Do a Play
260 _aNew Delhi
_bNational Book Trust
_c1971
999 _c1771
_d1771